01131cam a2200289 a 450000100090000000300040000900500170001300800410003001000170007102000150008804000130010304200100011604300120012608200160013824501460015426000880030030000210038850400410040963000870045065000270053765000440056471000660060890600450067494200120071999900150073195200950074613981080OSt20230620135319.0050525s2005 ke b 000 0 eng  a 2005328395 a9966958029 aDLCcDLC alcode af-ke--- a323.34bICJ00aReporting under international human rights conventions :bConvention on the Elimination of All Forms of Discrimination against Women (CEDAW). aNairobi, Kenya :bKenyan Section of the International Commission of Jurists,c2005. a144 p. ;c30 cm. aIncludes bibliographical references.00aConvention on the Elimination of All Forms of Discrimination against Womend(1980) 0aWomen's rightszKenya. 0aWomenxLegal status, laws, etc.zKenya.2 aInternational Commission of Jurists (1952- ).bKenya Section. a7bcbccorigoded3encipf20gy-gencatlg 2ddccBK c1742d1742 00102ddc4070a002b002d2023-06-20l0o323.34 ICJp10014026r2023-06-20w2023-06-20yBK